La independencia argentina y los estados unidos : raíces de una tradicional amistad /

Guardado en:
Formato: Libro
Publicado: Buenos Aires : Servicio cultural e informativo de los Eeuu, 1966
Materias:
Etiquetas: Agregar Etiqueta
Sin Etiquetas, Sea el primero en etiquetar este registro!
LEADER 00753nam a22001935a 4500
001 CEM.cems000241
005 20060209000000.0
008 130507s1966##################000#0#####d
003 CEMS
082 0 4 |a 982.03 
245 0 0 |a La independencia argentina y los estados unidos :  |b raíces de una tradicional amistad / 
260 |a Buenos Aires :  |b Servicio cultural e informativo de los Eeuu,  |c 1966 
300 |a 52 p. 
500 |a Folleto editado con motivo de la celebración del Sesquicentario de la Indepencia Argentina -- 1816 - 1966 
653 |a Historia 
653 |a Historia argentina 
653 |a Indepencia argentina 
859 |a CEMS  |b BIB. CEMS - 11 de abril  |h 982.03  |i In2  |p 11580.83  |t Ej.2 
859 |a CEMS  |b BIB. CEMS - 11 de abril  |h 982.03  |i In2  |p 8060.80  |t Ej.1